[Event "ENCI Limburg-open C"]
[Site "Maastricht"]
[Date "2010.05.23"]
[Round "4"]
[White "Demarre, Mathias"]
[Black "Gundogmus, Alaettin"]
[Result "0-1"]
[WhiteElo "1119"]
[BlackElo "1558"]
[PlyCount "96"]
[EventDate "2010.05.21"]
[EventType "swiss"]
[EventRounds "7"]
[EventCountry "NED"]
[Source "P.Boonen"]
[SourceDate "2010.10.01"]

1. e4 e5 2. Nf3 Nc6 3. Nc3 Bb4 4. d3 a6 5. g3 d6 6. Bg2 Nf6 7. O-O h6 8. Bd2
Bg4 9. Nd5 Bxd2 10. Qxd2 O-O 11. h3 Bxf3 12. Bxf3 Nd4 13. Bg2 Nxd5 14. exd5 f5
15. c3 Nb5 16. a4 Na7 17. c4 Nc8 18. a5 Ne7 19. Rfe1 f4 20. Re2 f3 21. Re4 fxg2
22. Rae1 Nf5 23. b4 Nd4 24. Kxg2 Nf3 25. Qc1 Nxe1+ 26. Qxe1 Qe7 27. Qe3 Rf7 28.
Rg4 Rf6 29. d4 Re8 30. dxe5 Qxe5 31. Qa7 Qe2 32. Rf4 Rxf4 33. gxf4 Qxc4 34.
Qxb7 Rf8 35. f5 Rxf5 36. Qc8+ Rf8 37. Qe6+ Kh8 38. Qe7 Qxd5+ 39. Kf1 Qf3 40.
Qh4 Qd3+ 41. Kg2 Qf3+ 42. Kg1 Rf6 43. Qd4 Qxh3 44. Qe4 Qf3 45. Qxf3 Rxf3 46.
Kf1 Rb3 47. b5 axb5 48. a6 Ra3 0-1

[Event "ENCI Limburg-open C"]
[Site "Maastricht"]
[Date "2010.05.23"]
[Round "4"]
[White "Dijkstra, Hidde"]
[Black "Hebels, Alex"]
[Result "1-0"]
[WhiteElo "1368"]
[BlackElo "1230"]
[PlyCount "55"]
[EventDate "2010.05.21"]
[EventType "swiss"]
[EventRounds "7"]
[EventCountry "NED"]
[Source "P.Boonen"]
[SourceDate "2010.10.01"]

1. d4 f5 2. e4 fxe4 3. Nc3 Nf6 4. Bg5 Nc6 5. d5 Ne5 6. Qd4 Nf7 7. Bxf6 exf6 8.
Qxe4+ Qe7 9. Qxe7+ Bxe7 10. O-O-O O-O 11. Bd3 Bc5 12. f4 Be3+ 13. Kb1 Bxf4 14.
g4 d6 15. h3 Ne5 16. Be4 f5 17. gxf5 Bxf5 18. Nge2 Bxe4 19. Nxe4 Rae8 20. Nd4
Nd7 21. Ne6 Rf7 22. Rhf1 Nc5 23. N4xc5 dxc5 24. Rxf4 Rxf4 25. Nxf4 Rf8 26. Ne6
Rf3 27. Nxc7 Rxh3 28. d6 1-0

[Event "ENCI Limburg-open C"]
[Site "Maastricht"]
[Date "2010.05.23"]
[Round "4"]
[White "Dubbeldam, Lydia"]
[Black "Lemmens, Paul"]
[Result "0-1"]
[WhiteElo "1107"]
[BlackElo "1322"]
[PlyCount "80"]
[EventDate "2010.05.21"]
[EventType "swiss"]
[EventRounds "7"]
[EventCountry "NED"]
[Source "P.Boonen"]
[SourceDate "2010.10.01"]

1. e4 e5 2. Nf3 Nc6 3. d4 exd4 4. Nxd4 Bc5 5. Be3 Qf6 6. c3 Nge7 7. Bc4 d6 8.
O-O Be6 9. Bb5 d5 10. Qa4 Bd7 11. Nxc6 Bxe3 12. fxe3 Qd6 13. Nxe7 c6 14. Nxc6
bxc6 15. Bd3 O-O 16. Qb4 c5 17. e5 Qc6 18. Qh4 g6 19. Qf6 Be6 20. Nd2 c4 21.
Bc2 Qb6 22. Qf4 Qxb2 23. Rfc1 Qxc3 24. Qd4 Qb4 25. Nf3 Qe7 26. Qh4 Qc5 27. Re1
Rab8 28. Qh6 f6 29. exf6 Rxf6 30. Ng5 Rb7 31. Kh1 d4 32. Rf1 Qe5 33. exd4 Qxd4
34. Nxe6 Rbf7 35. Rfb1 Qxa1 36. h3 Rf1+ 37. Rxf1 Rxf1+ 38. Kh2 Rh1+ 39. Kg3
Qe1+ 40. Kf4 Qd2+ 0-1

[Event "ENCI Limburg-open C"]
[Site "Maastricht"]
[Date "2010.05.23"]
[Round "4"]
[White "Esser, Thomas"]
[Black "Roemhild, Wolfgang"]
[Result "1/2-1/2"]
[WhiteElo "1677"]
[BlackElo "1675"]
[PlyCount "120"]
[EventDate "2010.05.21"]
[EventType "swiss"]
[EventRounds "7"]
[EventCountry "NED"]
[Source "P.Boonen"]
[SourceDate "2010.10.01"]

1. e4 e5 2. Nf3 Nc6 3. Bc4 Nf6 4. Ng5 d5 5. exd5 b5 6. Bf1 Nxd5 7. Bxb5 Qd6 8.
Ne4 Qe6 9. O-O Be7 10. Nbc3 Bb7 11. Re1 O-O 12. Nxd5 Qxd5 13. Nc3 Qe6 14. Bxc6
Qxc6 15. Qf3 Qxf3 16. gxf3 Bxf3 17. Rxe5 Bd6 18. Re3 Bc6 19. d3 Rae8 20. Bd2
Re6 21. Rxe6 fxe6 22. Be3 a6 23. Ne4 Bxe4 24. dxe4 Rd8 25. h3 Kf7 26. Kf1 Be5
27. Rb1 Rb8 28. b3 Rd8 29. Ke2 h6 30. Rd1 Rxd1 31. Kxd1 Kg6 32. Ke2 Kh5 33. Kf3
g5 34. Bd2 Kg6 35. b4 h5 36. a4 Bd4 37. Be3 Bc3 38. b5 axb5 39. axb5 Kf6 40.
Ke2 Be5 41. f3 Bc3 42. Kd3 Ba5 43. c4 Kg6 44. c5 Kf6 45. b6 cxb6 46. cxb6 Ke5
47. b7 Bc7 48. Bxg5 Kd6 49. b8=Q Bxb8 50. Bf4+ e5 51. Bg5 Ke6 52. Ke2 Bd6 53.
Kf2 Kf7 54. Kg3 Kg6 55. f4 exf4+ 56. Bxf4 Be7 57. Be3 Bd6+ 58. Bf4 Bb4 59. e5
Be7 60. Be3 Kf5 1/2-1/2

[Event "ENCI Limburg-open C"]
[Site "Maastricht"]
[Date "2010.05.23"]
[Round "4"]
[White "Gerlagh, Joris"]
[Black "Huebben, Dominik"]
[Result "1/2-1/2"]
[WhiteElo "1654"]
[BlackElo "1746"]
[PlyCount "40"]
[EventDate "2010.05.21"]
[EventType "swiss"]
[EventRounds "7"]
[EventCountry "NED"]
[Source "P.Boonen"]
[SourceDate "2010.10.01"]

1. d4 e5 2. dxe5 Nc6 3. f4 Bc5 4. Nf3 Nh6 5. e3 d6 6. exd6 cxd6 7. Be2 O-O 8.
Nd4 Re8 9. O-O Nf5 10. Nxf5 Bxf5 11. Bd3 Bxd3 12. Qxd3 Qb6 13. Nc3 Nb4 14. Qe2
Bxe3+ 15. Bxe3 Rxe3 16. Qf2 Re7 17. Qxb6 axb6 18. Rac1 Rae8 19. a3 Nc6 20. Rfd1
Rd7 1/2-1/2

[Event "ENCI Limburg-open C"]
[Site "Maastricht"]
[Date "2010.05.23"]
[Round "4"]
[White "Henrotte, Nils"]
[Black "Laarhoven, Marcel"]
[Result "1/2-1/2"]
[WhiteElo "1655"]
[BlackElo "1716"]
[PlyCount "98"]
[EventDate "2010.05.21"]
[EventType "swiss"]
[EventRounds "7"]
[EventCountry "NED"]
[Source "P.Boonen"]
[SourceDate "2010.10.01"]

1. Nf3 Nf6 2. c4 e6 3. Nc3 d5 4. e3 c6 5. d4 Bb4 6. a3 Bxc3+ 7. bxc3 b6 8. a4
O-O 9. cxd5 cxd5 10. Bd3 Ba6 11. Bxa6 Nxa6 12. Qd3 Nc7 13. Bd2 Re8 14. h4 Ne4
15. Ne5 f6 16. Ng4 h5 17. Nh2 Qd6 18. Nf1 Re7 19. Rh3 Rf8 20. f3 Nxd2 21. Qxd2
e5 22. Ng3 g6 23. Kf2 Kg7 24. Ne2 Ne6 25. Rg1 f5 26. dxe5 Qxe5 27. f4 Qd6 28.
c4 Nc5 29. Nc3 Ne4+ 30. Nxe4 Rxe4 31. cxd5 Rd8 32. Rc1 Qxd5 33. Rc7+ Kf8 34.
Qxd5 Rxd5 35. Rxa7 Ra5 36. Rb7 Re6 37. Rh1 Rxa4 38. Rc1 Rae4 39. Rc8+ Re8 40.
Rxe8+ Kxe8 41. Rxb6 Kf7 42. Rd6 Ra4 43. Rd2 Ke6 44. Re2 Kf6 45. Kf3 Re4 46. Rd2
Re6 47. Re2 Re4 48. Rd2 Re6 49. Rd4 Ra6 1/2-1/2

[Event "ENCI Limburg-open C"]
[Site "Maastricht"]
[Date "2010.05.23"]
[Round "4"]
[White "Houben, Tom"]
[Black "Geene, Patrick"]
[Result "1/2-1/2"]
[WhiteElo "949"]
[BlackElo "1548"]
[PlyCount "90"]
[EventDate "2010.05.21"]
[EventType "swiss"]
[EventRounds "7"]
[EventCountry "NED"]
[Source "P.Boonen"]
[SourceDate "2010.10.01"]

1. d4 d5 2. Bf4 Nc6 3. Nf3 Bf5 4. e3 Nf6 5. c4 e6 6. Nc3 Bb4 7. Qb3 b6 8. a3
Bd6 9. Qa4 Qd7 10. Bxd6 cxd6 11. cxd5 Nxd5 12. Nxd5 exd5 13. Bb5 Rc8 14. Rc1
O-O 15. Bxc6 Qc7 16. O-O Be6 17. Rc3 Qb8 18. Rfc1 h6 19. Qb5 Rc7 20. Bxd5 Rfc8
21. Rxc7 Rxc7 22. Rxc7 Qxc7 23. Qe8+ Kh7 24. Qc6 Qe7 25. Qb7 Qe8 26. Bc6 Qd8
27. Qxa7 Qf6 28. Qxb6 Qf5 29. e4 Qf4 30. h3 Qc1+ 31. Kh2 Qf4+ 32. Kh1 Bxh3 33.
Qb5 Bg4 34. a4 Qc1+ 35. Ng1 Qd1 36. Qc4 Be6 37. d5 Qh5+ 38. Nh3 Bxh3 39. gxh3
Qxh3+ 40. Kg1 Qg4+ 41. Kf1 Qd1+ 42. Kg2 Qg4+ 43. Kh2 Qf4+ 44. Kg1 Qg4+ 45. Kf1
Qd1+ 1/2-1/2

[Event "ENCI Limburg-open C"]
[Site "Maastricht"]
[Date "2010.05.23"]
[Round "4"]
[White "Keetman, Stef"]
[Black "Van Steenwinckel, Hugo"]
[Result "1/2-1/2"]
[WhiteElo "1431"]
[BlackElo "1645"]
[PlyCount "74"]
[EventDate "2010.05.21"]
[EventType "swiss"]
[EventRounds "7"]
[EventCountry "NED"]
[Source "P.Boonen"]
[SourceDate "2010.10.01"]

1. e4 e5 2. Nf3 f5 3. Nxe5 Qf6 4. d4 d6 5. Nc4 fxe4 6. Nc3 Bf5 7. Nd5 Qf7 8.
Nce3 Bg6 9. Bc4 Qd7 10. Qg4 c6 11. Qxd7+ Kxd7 12. Nf4 d5 13. Nxg6 hxg6 14. Be2
Bd6 15. h3 Ne7 16. O-O Nf5 17. Bg4 Rf8 18. c3 Kc7 19. f3 Ng3 20. Rf2 exf3 21.
Bxf3 Nd7 22. Nf1 Rae8 23. Bg5 Rf5 24. Bh4 Ne4 25. Bxe4 Rxf2 26. Bxg6 Rfe2 27.
Bxe8 Rxe8 28. Re1 Rf8 29. Be7 Rf7 30. Bxd6+ Kxd6 31. Nd2 Nf6 32. Rf1 Re7 33.
Kf2 Nh5 34. Re1 Rf7+ 35. Nf3 Nf4 36. Kg3 Nd3 37. Re2 Nf4 1/2-1/2

[Event "ENCI Limburg-open C"]
[Site "Maastricht"]
[Date "2010.05.23"]
[Round "4"]
[White "Lennartz, Ludwig"]
[Black "Maessen, Roy"]
[Result "0-1"]
[WhiteElo "1614"]
[BlackElo "1703"]
[PlyCount "116"]
[EventDate "2010.05.21"]
[EventType "swiss"]
[EventRounds "7"]
[EventCountry "NED"]
[Source "P.Boonen"]
[SourceDate "2010.10.01"]

1. d4 Nf6 2. c4 c5 3. d5 b5 4. cxb5 a6 5. bxa6 Bxa6 6. Nc3 d6 7. e4 Bxf1 8.
Kxf1 g6 9. Nf3 Nbd7 10. h3 Bg7 11. Kg1 O-O 12. Kh2 Qb6 13. Re1 Rfb8 14. Re2 Ne8
15. Rc2 Nc7 16. Nd2 Nb5 17. Nxb5 Qxb5 18. Nc4 Ra4 19. Qe2 Nb6 20. Nxb6 Qxb6 21.
f4 Qb5 22. e5 c4 23. Bd2 dxe5 24. fxe5 Qxd5 25. Bc3 Qd3 26. a3 Bh6 27. Rf1 Ra6
28. Bb4 Re6 29. Qf2 f5 30. Rc3 Qd5 31. Qh4 Qxe5+ 32. Kh1 Qe2 33. Rf2 Qe1+ 34.
Kh2 Be3 35. Rcc2 Bxf2 36. Bxe1 Bxh4 37. Bxh4 Re4 38. Bf2 Rc8 39. Bb6 Re5 40. a4
Re6 41. a5 Rcc6 42. Kg3 Rxb6 43. axb6 Rxb6 44. Kf4 Kf7 45. Ke5 Ke8 46. Kd5 Kd7
47. Ke5 Rb5+ 48. Kd4 Kd6 49. Re2 Rc5 50. Re6+ Kxe6 51. Kxc5 Kd7 52. Kxc4 Kc6
53. Kd4 f4 54. Ke5 g5 55. Ke6 Kc5 56. Kxe7 h5 57. Kf6 g4 58. Kf5 gxh3 0-1

[Event "ENCI Limburg-open C"]
[Site "Maastricht"]
[Date "2010.05.23"]
[Round "4"]
[White "Mathee, Jochen"]
[Black "Uiterwijk, Jos"]
[Result "1/2-1/2"]
[WhiteElo "1611"]
[BlackElo "1702"]
[PlyCount "88"]
[EventDate "2010.05.21"]
[EventType "swiss"]
[EventRounds "7"]
[EventCountry "NED"]
[Source "P.Boonen"]
[SourceDate "2010.10.01"]

1. d4 d5 2. Nf3 Nc6 3. e3 Nf6 4. c3 g6 5. Bd3 Bg7 6. O-O O-O 7. Nbd2 b6 8. e4
dxe4 9. Nxe4 Nd5 10. Bd2 a5 11. a4 Ba6 12. Bxa6 Rxa6 13. Re1 Nf6 14. Ng3 Ra8
15. Qc2 Qd7 16. Rad1 e6 17. b3 Rad8 18. Be3 Nd5 19. Bg5 Rde8 20. Ne5 Nxe5 21.
dxe5 Qc6 22. c4 h6 23. Bc1 Rd8 24. Qb2 Nb4 25. Qe2 Qa8 26. Bb2 Rxd1 27. Rxd1
Rd8 28. Nf1 Nc6 29. f4 Rxd1 30. Qxd1 Qd8 31. Qxd8+ Nxd8 32. Ne3 Bf8 33. Nc2 Nb7
34. Bc3 Nc5 35. Na1 Nd3 36. g3 Bc5+ 37. Kg2 Nc1 38. Bb2 Nd3 39. Bc3 Kf8 40. h4
h5 41. Kf3 Bb4 42. Bd4 c5 43. Be3 Bc3 44. Nc2 Ne1+ 1/2-1/2

[Event "ENCI Limburg-open C"]
[Site "Maastricht"]
[Date "2010.05.23"]
[Round "4"]
[White "Mollema, Henk"]
[Black "Heuts, Guido"]
[Result "1-0"]
[WhiteElo "1279"]
[BlackElo "1450"]
[PlyCount "33"]
[EventDate "2010.05.21"]
[EventType "swiss"]
[EventRounds "7"]
[EventCountry "NED"]
[Source "P.Boonen"]
[SourceDate "2010.10.01"]

1. e4 c6 2. Nf3 d5 3. e5 Bf5 4. d4 e6 5. Bd3 Bxd3 6. Qxd3 c5 7. c3 Nc6 8. O-O
Qd7 9. Bf4 Be7 10. Nbd2 f6 11. Rfe1 cxd4 12. Nxd4 Bc5 13. N2b3 Bb6 14. Rad1 a6
15. exf6 Nxf6 16. Nxe6 Ne4 17. Rxe4 1-0

[Event "ENCI Limburg-open C"]
[Site "Maastricht"]
[Date "2010.05.23"]
[Round "4"]
[White "Overtoom, Reinier"]
[Black "Senden, Sjef"]
[Result "1/2-1/2"]
[WhiteElo "1674"]
[BlackElo "1710"]
[PlyCount "61"]
[EventDate "2010.05.21"]
[EventType "swiss"]
[EventRounds "7"]
[EventCountry "NED"]
[Source "P.Boonen"]
[SourceDate "2010.10.01"]

1. Nc3 d5 2. e4 dxe4 3. Nxe4 Bf5 4. Qf3 Bxe4 5. Qxe4 c6 6. Nf3 Nf6 7. Qa4 e6 8.
Be2 Be7 9. O-O O-O 10. d4 b5 11. Qb3 a5 12. c3 Nbd7 13. Re1 Qc7 14. Bg5 Bd6 15.
Qc2 h6 16. Bh4 Rac8 17. Rad1 Nd5 18. Bf1 Nf4 19. Bg3 Nf6 20. Ne5 N4h5 21. Qe2
Nxg3 22. hxg3 Rfd8 23. Qf3 b4 24. Nc4 bxc3 25. bxc3 Be7 26. Ne3 Rb8 27. Rb1 Nd5
28. Nxd5 cxd5 29. a4 Rdc8 30. Rxb8 Rxb8 31. Bb5 1/2-1/2

[Event "ENCI Limburg-open C"]
[Site "Maastricht"]
[Date "2010.05.23"]
[Round "4"]
[White "Parren, Ashley"]
[Black "Van Broekhoven, Stefan"]
[Result "0-1"]
[WhiteElo "1250"]
[BlackElo "1309"]
[PlyCount "86"]
[EventDate "2010.05.21"]
[EventType "swiss"]
[EventRounds "7"]
[EventCountry "NED"]
[Source "P.Boonen"]
[SourceDate "2010.10.01"]

1. d4 d5 2. Nf3 Bf5 3. e3 Nf6 4. Nc3 e6 5. b3 Bb4 6. Bb2 O-O 7. Bd3 Bg4 8. O-O
Re8 9. Be2 Nc6 10. Ne5 Nxe5 11. dxe5 Bxc3 12. Bxc3 Bxe2 13. Qxe2 Ne4 14. Bd4 b6
15. f3 c5 16. Bb2 Ng5 17. h4 Nh3+ 18. gxh3 Qxh4 19. Qg2 d4 20. exd4 cxd4 21.
Rae1 Rad8 22. Re4 Qe7 23. Bxd4 b5 24. Kh2 b4 25. Rg1 g6 26. h4 Rd5 27. h5 Red8
28. hxg6 hxg6 29. Rg4 Rxd4 30. Qh3 Rxg4 31. Rxg4 Qc7 32. Rxb4 Qxe5+ 33. Qg3
Rd2+ 34. Kh3 Qh5+ 35. Rh4 Qf5+ 36. Rg4 Rd1 37. Qg2 Rc1 38. c4 Rc2 39. Qg3 Rc3
40. Kg2 Rc2+ 41. Kf1 Qd3+ 42. Kg1 Qd1+ 43. Qe1 Qxe1# 0-1

[Event "ENCI Limburg-open C"]
[Site "Maastricht"]
[Date "2010.05.23"]
[Round "4"]
[White "Rahangmetan, Derek Jan"]
[Black "Thirion, Jean Francois"]
[Result "1/2-1/2"]
[WhiteElo "1561"]
[BlackElo "1660"]
[PlyCount "105"]
[EventDate "2010.05.21"]
[EventType "swiss"]
[EventRounds "7"]
[EventCountry "NED"]
[Source "P.Boonen"]
[SourceDate "2010.10.01"]

1. e4 e6 2. e5 d5 3. d4 c5 4. c3 Nc6 5. Nf3 Qb6 6. Bd3 cxd4 7. cxd4 Bd7 8. Bc2
Rc8 9. Nc3 Nh6 10. O-O g6 11. Na4 Qc7 12. Bb3 Nf5 13. Be3 Bg7 14. Rc1 O-O 15.
Re1 Qd8 16. Bg5 f6 17. exf6 Bxf6 18. Bxf6 Qxf6 19. Nc5 Rc7 20. Ba4 Bc8 21. Bxc6
bxc6 22. Qd2 Kg7 23. Qf4 Re7 24. Ne5 g5 25. Qf3 Nxd4 26. Qxf6+ Rxf6 27. Rcd1
Nf5 28. Rd3 Rc7 29. g3 Nd6 30. Ng4 Rg6 31. b3 Nf7 32. Rde3 Re7 33. R3e2 h5 34.
Ne3 e5 35. f3 Rf6 36. Kg2 g4 37. f4 e4 38. Rd2 Nh6 39. b4 a6 40. a3 Nf5 41.
Nxf5+ Rxf5 42. Re3 Kf7 43. a4 Rc7 44. a5 Bb7 45. Rc2 Rf6 46. Rd2 Bc8 47. Kf2
Ra7 48. Na4 Bf5 49. Rc3 Rd6 50. Rd4 Re7 51. Nb6 Rf6 52. Re3 Rh6 53. Rc3 1/2-1/2

[Event "ENCI Limburg-open C"]
[Site "Maastricht"]
[Date "2010.05.23"]
[Round "4"]
[White "Reyskens, Jules"]
[Black "Keetman, Sandra"]
[Result "1-0"]
[WhiteElo "1631"]
[BlackElo "1295"]
[PlyCount "79"]
[EventDate "2010.05.21"]
[EventType "swiss"]
[EventRounds "7"]
[EventCountry "NED"]
[Source "P.Boonen"]
[SourceDate "2010.10.01"]

1. e4 c6 2. Nc3 d5 3. Nf3 Bg4 4. h3 Bh5 5. exd5 cxd5 6. Bb5+ Nd7 7. g4 Bg6 8.
Ne5 Ngf6 9. g5 a6 10. Bxd7+ Nxd7 11. Nxg6 hxg6 12. Nxd5 Nc5 13. Qf3 e6 14. Nc3
Be7 15. h4 Qc7 16. d4 Nd7 17. Be3 Nb6 18. Bf4 Qc6 19. Qxc6+ bxc6 20. O-O-O O-O
21. h5 Nd5 22. Nxd5 cxd5 23. h6 Rac8 24. hxg7 Kxg7 25. Rh3 Rh8 26. Rdh1 Rxh3
27. Rxh3 f6 28. gxf6+ Bxf6 29. Be5 Bxe5 30. dxe5 Rf8 31. Ra3 Rxf2 32. Rxa6 Kf7
33. Ra7+ Kf8 34. b4 Rf4 35. c3 d4 36. Kc2 g5 37. b5 Kg8 38. b6 dxc3 39. b7 Rb4
40. Ra8+ 1-0

[Event "ENCI Limburg-open C"]
[Site "Maastricht"]
[Date "2010.05.23"]
[Round "4"]
[White "Schoffelen, Jan"]
[Black "Geene, Joris"]
[Result "0-1"]
[WhiteElo "1367"]
[BlackElo "1600"]
[PlyCount "70"]
[EventDate "2010.05.21"]
[EventType "swiss"]
[EventRounds "7"]
[EventCountry "NED"]
[Source "P.Boonen"]
[SourceDate "2010.10.01"]

1. e4 e5 2. f4 d6 3. Nf3 Nc6 4. Bb5 Bg4 5. O-O Nge7 6. d3 a6 7. Bxc6+ Nxc6 8.
c3 Be7 9. Be3 O-O 10. fxe5 Nxe5 11. Nbd2 Nxd3 12. Qc2 Ne5 13. Nxe5 dxe5 14. Nf3
Qd6 15. Rad1 Qg6 16. Nxe5 Qh5 17. Nxg4 Qxg4 18. Rf3 Bd6 19. Rh3 f5 20. exf5
Qxf5 21. Qxf5 Rxf5 22. Rf1 Re5 23. Rg3 Rb5 24. Rgf3 Rxb2 25. R3f2 Rxf2 26. Rxf2
Re8 27. Rf3 Rxe3 28. Rxe3 Bc5 29. Kf2 Bxe3+ 30. Kxe3 Kf7 31. Ke4 Ke6 32. g4 c5
33. c4 b5 34. Kd3 Ke5 35. h3 Kf4 0-1

[Event "ENCI Limburg-open C"]
[Site "Maastricht"]
[Date "2010.05.23"]
[Round "4"]
[White "Snoeks, Marnicq"]
[Black "Hoek, Tjerk"]
[Result "1-0"]
[WhiteElo "1286"]
[BlackElo "1205"]
[PlyCount "117"]
[EventDate "2010.05.21"]
[EventType "swiss"]
[EventRounds "7"]
[EventCountry "NED"]
[Source "P.Boonen"]
[SourceDate "2010.10.01"]

1. e4 e5 2. Nf3 Nc6 3. Bc4 h6 4. O-O Nf6 5. Nc3 Na5 6. Nxe5 Nxc4 7. Nxc4 d5 8.
Nxd5 Nxd5 9. exd5 Qxd5 10. Qe2+ Be6 11. Re1 Be7 12. b3 b5 13. Ne3 Qe5 14. c3
O-O 15. d4 Qg5 16. Nf1 Qd5 17. Bb2 a6 18. Ne3 Qb7 19. c4 c6 20. d5 cxd5 21.
cxd5 Bb4 22. dxe6 Bxe1 23. exf7+ Rxf7 24. Rxe1 Re7 25. Qf3 Rae8 26. Qxb7 Rxb7
27. g3 Rd7 28. Re2 Rde7 29. Kg2 Re6 30. h4 h5 31. a3 a5 32. a4 bxa4 33. bxa4
Re4 34. Rd2 Rxa4 35. Rd4 Ra2 36. Nd1 g6 37. Rd7 Re2 38. Rg7+ Kf8 39. Rxg6 Ke7
40. Nc3 Raxb2 41. Nxe2 Rxe2 42. Rg5 a4 43. Rxh5 a3 44. Ra5 a2 45. h5 Kf7 46. h6
Kg6 47. Ra6+ Kh7 48. g4 Rd2 49. g5 Rd5 50. f4 Rd2+ 51. Kg3 Re2 52. Kf3 Rd2 53.
Ke3 Rb2 54. Kd3 Rf2 55. Ke4 Rh2 56. Kf5 Rg2 57. Ra7+ Kh8 58. Kg6 Re2 59. Ra8+
1-0

[Event "ENCI Limburg-open C"]
[Site "Maastricht"]
[Date "2010.05.23"]
[Round "4"]
[White "Snoeks, Pieter Jan"]
[Black "Katoen, Tom"]
[Result "1-0"]
[WhiteElo "1388"]
[BlackElo "1235"]
[PlyCount "135"]
[EventDate "2010.05.21"]
[EventType "swiss"]
[EventRounds "7"]
[EventCountry "NED"]
[Source "P.Boonen"]
[SourceDate "2010.10.01"]

1. c4 c5 2. Nc3 Nc6 3. d3 Nf6 4. Nf3 g6 5. g3 Bg7 6. Bg2 O-O 7. O-O d6 8. Bd2
Bg4 9. Qc1 Re8 10. h3 Bd7 11. Re1 a6 12. e3 Qc8 13. Kh2 Nb4 14. Qb1 Rb8 15. a3
Nc6 16. a4 Bf5 17. Nh4 Nb4 18. e4 Bd7 19. Ne2 b5 20. Bxb4 cxb4 21. axb5 axb5
22. Rc1 Qc5 23. d4 Qh5 24. Nf4 Qh6 25. Nd3 Ng4+ 26. Kg1 Nf6 27. Nxb4 bxc4 28.
Rxc4 Qd2 29. Qc1 Bh6 30. f4 Qxc1+ 31. Raxc1 e5 32. dxe5 dxe5 33. Nc6 Bxc6 34.
Rxc6 Nd7 35. Rd1 Nf8 36. fxe5 Rxb2 37. Nf5 gxf5 38. Rxh6 fxe4 39. Bxe4 Rxe5 40.
Re1 Ng6 41. Kf1 Re6 42. Bxg6 Rxe1+ 43. Kxe1 hxg6 44. Rh4 Kg7 45. Rf4 Rh2 46. h4
f6 47. Rf2 Rh3 48. Rg2 g5 49. hxg5 fxg5 50. Kf2 g4 51. Ke3 Kg6 52. Kf4 Kh5 53.
Re2 Rh1 54. Re5+ Kg6 55. Kxg4 Kf6 56. Rf5+ Kg6 57. Rg5+ Kf6 58. Rh5 Rxh5 59.
Kxh5 Kg7 60. Kg5 Kf7 61. Kh6 Kg8 62. g4 Kh8 63. g5 Kg8 64. Kg6 Kf8 65. Kh7 Kf7
66. g6+ Kf6 67. g7 Ke6 68. g8=Q+ 1-0

[Event "ENCI Limburg-open C"]
[Site "Maastricht"]
[Date "2010.05.23"]
[Round "4"]
[White "Sterck, Arno"]
[Black "Mueller, Elias"]
[Result "1-0"]
[WhiteElo "1367"]
[BlackElo "1229"]
[PlyCount "26"]
[EventDate "2010.05.21"]
[EventType "swiss"]
[EventRounds "7"]
[EventCountry "NED"]
[Source "P.Boonen"]
[SourceDate "2010.10.01"]

1. e4 e5 2. Nf3 Nc6 3. d4 exd4 4. Nxd4 Nxd4 5. Qxd4 b6 6. Bc4 Nf6 7. e5 Nh5 8.
Qd5 Qe7 9. Qxa8 Qxe5+ 10. Be2 Bb4+ 11. c3 O-O 12. Qf3 Bd6 13. Qxh5 f5 1-0

[Event "ENCI Limburg-open C"]
[Site "Maastricht"]
[Date "2010.05.23"]
[Round "4"]
[White "Strolenberg, Lars"]
[Black "Tuerlinckx, Ben"]
[Result "0-1"]
[WhiteElo "1659"]
[BlackElo "1692"]
[PlyCount "68"]
[EventDate "2010.05.21"]
[EventType "swiss"]
[EventRounds "7"]
[EventCountry "NED"]
[Source "P.Boonen"]
[SourceDate "2010.10.01"]

1. e4 c5 2. Nc3 Nc6 3. g3 e6 4. Bg2 g6 5. d3 Bg7 6. Nge2 Nge7 7. Be3 d6 8. O-O
O-O 9. Qd2 Rb8 10. Bh6 Bxh6 11. Qxh6 f6 12. Qe3 b5 13. Rae1 b4 14. Nd1 Qa5 15.
f4 d5 16. exd5 exd5 17. Nc1 d4 18. Qd2 Qd8 19. Nf2 Nd5 20. Bxd5+ Qxd5 21. Qe2
f5 22. Nh3 Nd8 23. Qg2 Qd6 24. Ng5 Bb7 25. Nf3 Bc6 26. h3 Nf7 27. Kh2 Rfe8 28.
Qf2 Qd5 29. Nb3 Rxe1 30. Nxe1 Re8 31. Na5 Re6 32. Nxc6 Qxc6 33. Nf3 Re3 34. Nd2
Qe6 0-1

[Event "ENCI Limburg-open C"]
[Site "Maastricht"]
[Date "2010.05.23"]
[Round "4"]
[White "Van Eijk, Liedewij"]
[Black "Vincent, Ayla"]
[Result "1-0"]
[WhiteElo "1281"]
[BlackElo "1096"]
[PlyCount "35"]
[EventDate "2010.05.21"]
[EventType "swiss"]
[EventRounds "7"]
[EventCountry "NED"]
[Source "P.Boonen"]
[SourceDate "2010.10.01"]

1. e4 e5 2. g3 Nf6 3. Bg2 c6 4. Nc3 d5 5. exd5 cxd5 6. d3 Nc6 7. Nge2 Bc5 8.
O-O Be6 9. Na4 Bd6 10. Nac3 O-O 11. Bg5 Be7 12. f4 h6 13. Bxf6 Bxf6 14. f5 d4
15. fxe6 dxc3 16. exf7+ Rxf7 17. bxc3 Rc8 18. Be4 1-0

[Event "ENCI Limburg-open C"]
[Site "Maastricht"]
[Date "2010.05.23"]
[Round "4"]
[White "Van Ginneken, Maikel"]
[Black "Slangen Knuit, Dien"]
[Result "0-1"]
[WhiteElo "1331"]
[BlackElo "1121"]
[PlyCount "74"]
[EventDate "2010.05.21"]
[EventType "swiss"]
[EventRounds "7"]
[EventCountry "NED"]
[Source "P.Boonen"]
[SourceDate "2010.10.01"]

1. d4 d5 2. c4 e6 3. Nf3 Nf6 4. Bf4 c6 5. Nc3 Nbd7 6. e3 Be7 7. Bd3 O-O 8. e4
dxe4 9. Nxe4 Bb4+ 10. Bd2 Bxd2+ 11. Qxd2 Nxe4 12. Bxe4 Nf6 13. Bd3 b6 14. O-O
Bb7 15. Ne5 Qc7 16. Rfe1 Rad8 17. Rad1 c5 18. dxc5 bxc5 19. b3 Rd4 20. b4 Ne4
21. Qc2 Qxe5 22. f3 f5 23. bxc5 Qxc5 24. Bxe4 Rxc4+ 25. Qf2 Qxf2+ 26. Kxf2 fxe4
27. Rd7 Bd5 28. Rxa7 Rc2+ 29. Kg3 exf3 30. a4 Rxg2+ 31. Kh3 f2 32. Rf1 Rg1 33.
Rxf2 Rxf2 34. a5 Rf3+ 35. Kh4 Rf4+ 36. Kh3 g5 37. a6 Rh4# 0-1

[Event "ENCI Limburg-open C"]
[Site "Maastricht"]
[Date "2010.05.23"]
[Round "4"]
[White "Van Velthoven, Paul"]
[Black "Van Meegen, Judith"]
[Result "1-0"]
[WhiteElo "1416"]
[BlackElo "1254"]
[PlyCount "67"]
[EventDate "2010.05.21"]
[EventType "swiss"]
[EventRounds "7"]
[EventCountry "NED"]
[Source "P.Boonen"]
[SourceDate "2010.10.01"]

1. e4 e5 2. Nf3 Nc6 3. Bc4 Nf6 4. d3 Bc5 5. c3 O-O 6. Bg5 d6 7. Bb3 Bg4 8. Nbd2
h6 9. Bh4 Qe7 10. Nf1 Be6 11. Bc2 d5 12. Qe2 d4 13. h3 b5 14. g4 g5 15. Nxg5
hxg5 16. Bxg5 Qd8 17. Ng3 Be7 18. Nf5 Nh7 19. Bh6 Re8 20. g5 Bxf5 21. exf5 Bxg5
22. Rg1 Kh8 23. Bxg5 Nxg5 24. Qh5+ Nh7 25. Qxf7 Qe7 26. Qh5 Rg8 27. O-O-O Rxg1
28. Rxg1 Rg8 29. Rxg8+ Kxg8 30. Bb3+ Kh8 31. h4 dxc3 32. Qg6 cxb2+ 33. Kxb2 Nd4
34. Qg8# 1-0

[Event "ENCI Limburg-open C"]
[Site "Maastricht"]
[Date "2010.05.23"]
[Round "4"]
[White "Van den Bosch, Arno"]
[Black "Majhi, Ankit"]
[Result "0-1"]
[WhiteElo "1336"]
[BlackElo "1657"]
[PlyCount "96"]
[EventDate "2010.05.21"]
[EventType "swiss"]
[EventRounds "7"]
[EventCountry "NED"]
[Source "P.Boonen"]
[SourceDate "2010.10.01"]

1. e4 e5 2. Nf3 Nc6 3. Bb5 a6 4. Bxc6 dxc6 5. O-O Bg4 6. d3 Bd6 7. Nc3 Qf6 8.
Bg5 Qg6 9. Bh4 Qh5 10. Bg3 O-O-O 11. h3 Bxf3 12. Qxf3 Qxf3 13. gxf3 Ne7 14.
Rad1 h6 15. d4 exd4 16. Rxd4 Bxg3 17. Rxd8+ Rxd8 18. fxg3 f5 19. Rd1 Rxd1+ 20.
Nxd1 fxe4 21. fxe4 Kd7 22. Kf2 Ke6 23. Kf3 c5 24. Ne3 Nc6 25. a3 Ne5+ 26. Ke2
g6 27. Ng4 Nxg4 28. hxg4 Ke5 29. Ke3 c4 30. a4 g5 31. b3 cxb3 32. cxb3 a5 33.
Kd3 c6 34. Ke3 b6 35. Kd3 b5 36. Ke3 b4 37. Kd3 c5 38. Kc4 Kxe4 39. Kxc5 Kd3
40. Kb5 Kc3 41. Kxa5 Kxb3 42. Kb6 Kxa4 43. Kc5 b3 44. Kb6 b2 45. Ka6 b1=Q 46.
Ka7 Ka5 47. Ka8 Kb6 48. Kb8 Qc1 0-1